000 00478nam a2200205Ia 4500
001 11520
003 OSt
005 20251125085211.0
008 211022s9999 xx 000 0 und d
020 _a9054960787
040 _cIVS
082 _a745.4 PEP
_222
_b11520
100 _aPepin Press
245 0 _aVisual Encyclopedia Ornamental Design
260 _aAmsterdam
260 _bThe Pepin Press
260 _c2001
650 _aOrnamental design
942 _cREF
_2ddc
_n0
999 _c13837
_d13837